000 00867nmm a2200277 a 4500
001 ocm000593325
003 TR-IsHL
005 20201028121605.0
008 130705s2007 tu tur
007 cr cn
020 _a9789944321549
035 _a593325
_b(N$T)
050 0 4 _aBF51
_b.T66 2007
090 0 4 _aBF51
_b.T66 2007
100 1 _aKara, Mustafa
245 1 0 _aPsikologa gitmek caiz mi?
_h[electronic resource] /
_cMustafa Kara
250 _a1. bs.
260 _aİstanbul :
_bKarma Kitaplar,
_c2007
300 _a480 p.
650 4 _aFelsefe, Psikoloji ve Din
650 4 _aPhilosophy, Psychology and Religion
650 0 _aPsikoloji ve din
650 0 _aPsychology and religion
650 7 _aRELIGION / Psychology of Religion
_2bisacsh
856 4 0 _uhttp://search.ebscohost.com/login.aspx?direct=true&scope=site&db=e011xww&AN=593325
999 _c1408
_d1408